000
00291nam a22001217a 4500
008
180927b xxu||||| |||| 00| 0 eng d
041
_a
eng
080
_a
611
100
_a
6
101
_a
ANA
245
_a
Atlas Of General Affection Of The Skeletion
_c
Livingston.CH
942
_2
udc
_c
BK
999
_c
48635
_d
48635